[Event "Niedersachsen-ch op"]
[Site "Verden"]
[Date "2011.01.04"]
[Round "6"]
[White "Fruehling, Benjamin"]
[Black "Fischer, Manfred"]
[Result "0-1"]
[WhiteElo "1472"]
[BlackElo "1898"]
[PlyCount "90"]
[EventDate "2011.01.02"]
[EventType "swiss"]
[EventRounds "7"]
[EventCountry "GER"]
[SourceTitle "EXT 2018"]
[Source "ChessBase"]
[SourceDate "2017.10.13"]
[SourceVersion "1"]
[SourceVersionDate "2017.10.13"]
[SourceQuality "1"]

1. e4 e5 2. Nf3 Nc6 3. Bc4 Be7 4. 0-0 Nf6 5. Nc3 d6 6. h3 a6 7. a3 0-0 8. Re1 h6 9. d4 exd4 10. Nxd4 Ne5 11. Ba2 Re8 12. Nf3 Bd7 13. Bf4 Bf8 14. Bh2 c6 15. Nxe5 dxe5 16. Qf3 Qc7 17. Rad1 b5 18. Rd3 a5 19. Red1 Be6 20. Bxe6 Rxe6 21. Ne2 b4 22. a4 c5 23. b3 c4 24. R3d2 Bc5 25. bxc4 Qc6 26. Rd8+ Rxd8 27. Rxd8+ Kh7 28. Ng3 Qxa4 29. Qd3 Qa1+ 30. Nf1 Qe1 31. Bg3 Qxe4 32. Qxe4+ Nxe4 33. Rd5 f6 34. Kh2 a4 35. f3 Nxg3 36. Nxg3 Bd4 37. Ra5 a3 38. Ne2 Rc6 39. Nxd4 exd4 40. c5 Kg6 41. g3 Kf5 42. Kg2 Ke5 43. Ra4 Rxc5 44. Rxb4 Rxc2+ 45. Kf1 a2 0-1

[Event "Niedersachsen-ch U12"]
[Site "Rotenburg"]
[Date "2009.04.05"]
[Round "3"]
[White "Diederichs, Luise"]
[Black "Fruehling, Benjamin"]
[Result "1-0"]
[WhiteElo "1111"]
[BlackElo "1236"]
[PlyCount "61"]
[EventDate "2009.04.04"]
[EventType "swiss"]
[EventRounds "11"]
[EventCountry "GER"]
[SourceTitle "EXT 2010"]
[Source "ChessBase"]
[SourceDate "2010.11.25"]
[SourceVersion "1"]
[SourceVersionDate "2010.11.25"]
[SourceQuality "1"]

1. e4 c5 2. c4 Nc6 3. Nf3 Nf6 4. d3 g6 5. g3 Bg7 6. Bg2 0-0 7. Be3 d6 8. Nc3 Bg4 9. Qd2 Nd7 10. 0-0-0 Nd4 11. Bxd4 Bxd4 12. h3 Bxf3 13. Bxf3 Ne5 14. Bg4 a5 15. f4 Nc6 16. h4 a4 17. a3 Na5 18. Qg2 e6 19. h5 Qb6 20. Nb5 e5 21. hxg6 fxg6 22. Be6+ Kg7 23. f5 Nb3+ 24. Kb1 Rf6 25. Rdf1 Ra5 26. Bd5 Rxb5 27. cxb5 Qxb5 28. fxg6 Rxf1+ 29. Rxf1 Bxb2 30. Rf7+ Kh8 31. Rxh7# 1-0

[Event "Niedersachsen-ch U12"]
[Site "Rotenburg"]
[Date "2009.04.05"]
[Round "2"]
[White "Fruehling, Benjamin"]
[Black "Bach, Jannik"]
[Result "0-1"]
[WhiteElo "1236"]
[BlackElo "1530"]
[PlyCount "84"]
[EventDate "2009.04.04"]
[EventType "swiss"]
[EventRounds "11"]
[EventCountry "GER"]
[SourceTitle "EXT 2010"]
[Source "ChessBase"]
[SourceDate "2010.11.25"]
[SourceVersion "1"]
[SourceVersionDate "2010.11.25"]
[SourceQuality "1"]

1. e4 c5 2. Nf3 Nc6 3. d4 cxd4 4. Nxd4 e6 5. Nc3 Nf6 6. Be3 Bb4 7. Bd2 Nxd4 8. Na4 Bxd2+ 9. Qxd2 Nc6 10. Nc3 a6 11. 0-0-0 Qc7 12. Be2 b5 13. f3 Qa5 14. a3 b4 15. Nb1 bxa3 16. Qxa5 axb2+ 17. Kxb2 Nxa5 18. g4 Ke7 19. h4 Nc6 20. Rdg1 a5 21. h5 Ba6 22. Bd1 Rhb8+ 23. Ka3 a4 24. Nc3 Bb5 25. f4 Nd4 26. g5 Ne8 27. Re1 Nd6 28. f5 Nc4+ 29. Ka2 Bc6 30. h6 g6 31. fxg6 fxg6 32. Rhf1 Rf8 33. Rh1 Rab8 34. Rh4 Rb2+ 35. Ka1 Nxc2+ 36. Bxc2 Rxc2 37. Nd5+ Bxd5 38. exd5 Rff2 39. dxe6 Ra2+ 40. Kb1 Na3+ 41. Kc1 Rac2+ 42. Kd1 Rfd2# 0-1

[Event "Niedersachsen-ch op"]
[Site "Verden"]
[Date "2009.01.06"]
[Round "7"]
[White "Fruehling, Benjamin"]
[Black "Neumair, Dorian"]
[Result "1-0"]
[WhiteElo "1092"]
[BlackElo "1296"]
[PlyCount "43"]
[EventDate "2009.01.03"]
[EventType "swiss"]
[EventRounds "7"]
[EventCountry "GER"]
[SourceTitle "EXT 2012"]
[Source "ChessBase"]
[SourceDate "2011.11.24"]
[SourceVersion "1"]
[SourceVersionDate "2011.11.24"]
[SourceQuality "1"]

1. e4 e5 2. Nf3 Nc6 3. Bc4 Bc5 4. 0-0 Nf6 5. d4 exd4 6. e5 Ng8 7. Re1 Nge7 8. Ng5 d5 9. exd6 0-0 10. Qh5 h6 11. Nxf7 Qe8 12. dxe7 Rxf7 13. Bxf7+ Qxf7 14. Qxf7+ Kxf7 15. e8Q+ Kf6 16. Qe2 Kf7 17. Qf3+ Kg8 18. Re8+ Kh7 19. Bxh6 Kxh6 20. Rh8+ Kg6 21. Qh5+ Kf6 22. Qxc5 1-0

[Event "Niedersachsen-ch op"]
[Site "Verden"]
[Date "2009.01.04"]
[Round "3"]
[White "Fruehling, Benjamin"]
[Black "Fischer, Manfred2222"]
[Result "0-1"]
[WhiteElo "1092"]
[BlackElo "1939"]
[PlyCount "146"]
[EventDate "2009.01.03"]
[EventType "swiss"]
[EventRounds "7"]
[EventCountry "GER"]
[SourceTitle "EXT 2012"]
[Source "ChessBase"]
[SourceDate "2011.11.24"]
[SourceVersion "1"]
[SourceVersionDate "2011.11.24"]
[SourceQuality "1"]

1. e4 c5 2. Nf3 d6 3. d4 cxd4 4. Nxd4 e6 5. Bb5+ Nd7 6. 0-0 a6 7. Ba4 b5 8. Bb3 Bb7 9. Re1 Ngf6 10. f3 Be7 11. a4 bxa4 12. Bxa4 0-0 13. Bc6 Qc7 14. Bxb7 Qxb7 15. Qd3 Nc5 16. Qc4 Rfc8 17. Qe2 d5 18. e5 Nfd7 19. c3 Nb3 20. Nxb3 Qxb3 21. Rxa6 Bc5+ 22. Kh1 Rab8 23. f4 Rb6 24. Ra7 Nf8 25. Qh5 g6 26. Qg5 Qc2 27. Qf6 Qf5 28. b4 Qxf6 29. exf6 Rxb4 30. cxb4 Bxa7 31. Bb2 Rc4 32. Ba3 Nd7 33. Rc1 Bd4 34. Nd2 Rxc1+ 35. Bxc1 Bxf6 36. b5 Bd4 37. Nb3 Bc5 38. g3 f6 39. Kg2 Kf7 40. Kf3 e5 41. fxe5 fxe5 42. Bb2 Ke6 43. Na5 Bb6 44. Nc6 h5 45. h4 e4+ 46. Ke2 Bc7 47. Nd4+ Kd6 48. Nc6 Kc5 49. Ne7 Bxg3 50. Ba3+ Kb6 51. Nc8+ Kxb5 52. Ne7 Kc4 53. Nxg6 Ne5 54. Ne7 Bxh4 55. Nf5 Bg5 56. Bb2 Nd3 57. Ba3 d4 58. Nd6+ Kd5 59. Nf7 Nf4+ 60. Kd1 Ne6 61. Bb2 h4 62. Ke1 h3 63. Kf1 Be3 64. Nh8 Nf4 65. Ng6 Nxg6 66. Bxd4 Kxd4 67. Ke1 h2 68. Ke2 Nf4+ 69. Kd1 h1Q+ 70. Kc2 Qc1+ 71. Kb3 Qb1+ 72. Ka4 Kc4 73. Ka5 Qb5# 0-1